000 00348nam a2200145 a 4500
008 960514s1991||||[C 0 slo c
020 _a8070930942
_c36
040 _aSNK
_bslo
_cSNK
_eAACR2
041 1 _aslo
044 _axo
_cSK
245 1 0 _aKlavírna čítanka
_hHudobnina
250 _a3., vyd.
260 _aBratislava
_bOPUS
_c1991
958 _aH
999 _c15236
_d15236